| 000 | 004570000a22001570004500 | ||
|---|---|---|---|
| 090 |
_aAR _b01161 |
||
| 245 | 1 | 0 | _aIntroduction to diseases of nonhuman primates |
| 650 | 1 | 4 |
_aPrimates _992938 |
| 650 | 1 | 4 |
_aFauna en cautiverio _994335 |
| 650 | 1 | 4 |
_aEnfermedades animales _993297 |
| 651 | 4 |
_pEstados Unidos _992749 |
|
| 041 | 0 | _aInglés | |
| 100 | 1 |
_aParrott, Theresa Y. _994412 |
|
| 942 | _cARTICULO | ||
| 773 | 1 |
_tCompendium Collection _3409 _h10 _q44-48 _d1985? _g8 |
|
| 999 |
_c10247 _d10247 |
||